00401nam a2200169Ia 4500003000400000008004100004040001600045082001700061100001300078245003900091260002000130300001300150650001500163650001200178650001900190650002200209GCL140319s9999 xx 000 0 eng d aGCL / cGCL04aCHb843bR P1 aRAHIR, R10aUN PRECIEUX COMPAGNON / cRAHIR, R a[S.N] : bHEMMA aBELGIQUE04aLITERATURE04aFICTION04aFRENCH FICTION04aFRENCH LITERATURE